000 00405nam a2200133Ia 4500
008 100328s9999 xx 000 0 und d
082 _b62254
100 _aकलंदर (जैन अशोक)
245 _aआणखी कानोकानी.
260 _bरोहन.
630 _aआणखी कानोकानी.
730 _aआणखी कानोकानी.
942 _cBOOK
999 _c548258
_d548255